| 000 | 00610nam a22002052 4500 | ||
|---|---|---|---|
| 001 | 0000008564 | ||
| 005 | 20151217145842.0 | ||
| 008 | 080425s xx 000 0 eng d | ||
| 020 |
_a8120303027 : _cKES 770 |
||
| 040 |
_aKABU _cKABU |
||
| 245 | 1 | 0 |
_aEducational psychology / _cedited by Charles E. Skinner. |
| 250 | _a4th ed. | ||
| 260 |
_aNew Delhi : _bPrentice-Hall of India, _c1959. |
||
| 300 | _ax, 755 p. | ||
| 650 | 0 |
_aEducational psychology. _@0000153557 |
|
| 700 | 1 |
_aSkinner, Charles E. _@0000159202 |
|
| 908 | _a080425 | ||
| 950 | _@1 | ||
| 999 |
_c3299 _d3299 |
||